Honduras 1990: el ajuste estructural como política de gobierno

Spremljeno u:
Bibliografski detalji
Format: Nepoznato
Jezik:Spanish
Izdano: México, D. F.: INSEH, 1991
Teme:
Oznake: Dodaj oznaku
Bez oznaka, Budi prvi tko označuje ovaj zapis!

MARC

LEADER 00000 a2200000 04500
003 cru IIS
005 20211122132827.0
008 211118s1991 mx |||||r|||| 00| 0|spa d
040 |c cru IIS 
090 |a 10654.01-05 
245 |a Honduras 1990:  |b el ajuste estructural como política de gobierno 
260 |a México, D. F.:   |b INSEH,  |c 1991 
300 |a 58 páginas 
500 |a Colección Centroamérica 
650 4 |9 4425  |a AJUSTE ESTRUCTURAL 
651 4 |9 2652  |a HONDURAS 
942 |2 ddc  |c LI 
999 |c 43975  |d 43975